Principles and applications of photochemistry /
Salvato in:
| Autore principale: | |
|---|---|
| Natura: | Libro |
| Lingua: | inglese |
| Pubblicazione: |
Hoboken, N.J.
Wiley
2009.
|
| Soggetti: | |
| Accesso online: | Visualizza in OPAC |
| Tags: |
Nessun Tag, puoi essere il primo ad aggiungerne!!
|
MARC
| LEADER | 00000cam a22000008a 4500 | ||
|---|---|---|---|
| 005 | 20260127134315.0 | ||
| 008 | 180730s2009 enk b 001 0 eng | ||
| 010 | |a 2009-025968 | ||
| 020 | |a 9780470014936 |q (cloth) | ||
| 020 | |a 9780470014943 |q (pbk. : alk. paper) | ||
| 035 | |a vtls010066784 | ||
| 039 | 9 | |a 201807301421 |b VLOAD |y 201002190941 |z mschk03 | |
| 040 | |a DLC |c DLC |d STUSCHK1 | ||
| 044 | |a enk | ||
| 082 | 0 | 0 | |a 541/.35 |2 22 |
| 100 | 1 | |a Wardle, Brian | |
| 245 | 1 | 0 | |a Principles and applications of photochemistry / |c Brian Wardle |
| 260 | |a Hoboken, N.J. |b Wiley |c 2009. | ||
| 263 | |a 0912 | ||
| 300 | |a xiv, 250 p. |b ill. |c 22,5 cm. | ||
| 504 | |a Includes bibliographical references and index. | ||
| 650 | 0 | |a Photochemistry. | |
| 906 | |a 7 |b cbc |c orignew |d 1 |e ecip |f 20 |g y-gencatlg | ||
| 910 | |a SCHK95 | ||
| 919 | |a 978-0-470-01494-3 | ||
| 925 | 0 | |a acquire |b 2 shelf copies |x policy default | |
| 955 | |w rd11 2009-07-14 | ||
| 963 | |a Elizabeth Vigier; phone: 201-748-6577; email: evigier@wiley.com; bc: lfrancis@wiley.com | ||
| 999 | |c 9394 |d 9394 | ||